000 00333nam a22001337a 4500
008 170906b xxu||||| |||| 00| 0 eng d
020 _a9789514285585
041 _aeng
080 _a72
100 _a41
101 _aARK
245 _aSPATIA INSPIRANTIA ARCHITECTURE AND ART AT THE UNIVERSITY OF OULU
_cSTJERNA,E
942 _2udc
_cBK
999 _c26271
_d26271